000 00484nam a2200181Ia 4500
001 25423
005 20260414151149.0
008 260414t2024||||xx |||||||||||||| ||spa||
041 _aESP
082 _a346.5
_bP19D
100 _aPalacios Martínez, Eric,
_eAUT
245 0 _aDerecho de las obligaciones :
_broblemas fundamentales en la codificación civil
260 _c2024
300 _a703 páginas :
_c25 cm.
650 _aDER
654 _aCDE
942 _cLIB
_dJUS
_fJUS
_2ddc
_n
999 _c25423
_d25423